000
00334nam a2200133Ia 4500
008
230525s9999 xx 000 0 und d
082
_a
915.487
_b
KARE
100
_a
KARTANAKA,Government
245
0
_a
Exploring Karnataka
260
_a
Benglore
_b
Govt. Of Karnataka
_c
1988
300
_a
184
650
_a
Geography/Travel
942
_c
BK
999
_c
3103
_d
3103